Investičné procesy a efektívnosť v ekonomike SR zborník príspevkov z celoštátnej konferencie pri príležitosti 10. výročia úmrtia prof. Ing. Hvezdoňa Kočtúcha, DrSc. : Bratislava, 20. februára 2004

Guardado en:
Detalles Bibliográficos
Autores Corporativos: Investičné procesy a efektívnosť v ekonomike SR. Celoštátna konferencia, Národohospodárska fakulta EU. Katedra hospodárskej politiky
Otros Autores: Bacová, Viera, Tokárová, Mária, Stanek, Vojtech
Formato: Libro
Lenguaje:eslovaco
Publicado: Bratislava Vydavateľstvo EKONÓM 2004
Materias:
Etiquetas: Agregar Etiqueta
Sin Etiquetas, Sea el primero en etiquetar este registro!

MARC

LEADER 00000nam$a2200000$$$4500
001 0063191
005 20240502071726.0
020 |a 80-225-2128-0 
041 0 |a slo 
044 |a SK 
245 1 0 |a Investičné procesy a efektívnosť v ekonomike SR  |b zborník príspevkov z celoštátnej konferencie pri príležitosti 10. výročia úmrtia prof. Ing. Hvezdoňa Kočtúcha, DrSc. : Bratislava, 20. februára 2004  |c zostavovateľ zborníka: Viera Bacová 
264 1 |a Bratislava  |b Vydavateľstvo EKONÓM  |c 2004 
300 |a 129 s. 
610 2 0 |a investície 
610 2 0 |a proces investičný 
610 2 0 |a hospodárstvo národné 
610 2 0 |a Slovensko 
610 2 0 |a efektívnosť ekonomická 
610 2 0 |a efektívnosť investícií ekonomická 
700 1 |a Bacová, Viera 
700 1 |a Tokárová, Mária 
700 1 |a Stanek, Vojtech 
110 2 |a Investičné procesy a efektívnosť v ekonomike SR. Celoštátna konferencia 
710 2 |a Národohospodárska fakulta EU. Katedra hospodárskej politiky